Enabling accurate anomaly detection using progressive security aware packet sampling (Record no. 10070)

000 -LEADER
fixed length control field 00521 a2200133 4500
082 ## - DEWEY DECIMAL CLASSIFICATION NUMBER
Classification number MS-IT-8
100 ## - MAIN ENTRY--PERSONAL NAME
Personal name Sardar Ali
9 (RLIN) 99080
245 ## - TITLE STATEMENT
Title Enabling accurate anomaly detection using progressive security aware packet sampling
Statement of responsibility, etc. Sardar Ali
260 ## - PUBLICATION, DISTRIBUTION, ETC.
Place of publication, distribution, etc. Islamabad :
Name of publisher, distributor, etc. NUST School of Electrical Engineering & Computer Science,
Date of publication, distribution, etc. 2009.
300 ## - PHYSICAL DESCRIPTION
Extent viii, 55 p. :
Other physical details ill. ;
Dimensions 27 cm
500 ## - GENERAL NOTE
General note Supervisor : Dr. Syed Ali Khayam.
856 ## - ELECTRONIC LOCATION AND ACCESS
Uniform Resource Identifier <a href="http://10.250.8.41:8080/xmlui/handle/123456789/10043">http://10.250.8.41:8080/xmlui/handle/123456789/10043</a>
942 ## - ADDED ENTRY ELEMENTS (KOHA)
Koha item type Project Report
Call number prefix MS-IT-8 SAR
Source of classification or shelving scheme
Holdings
Withdrawn status Lost status Damaged status Not for loan Permanent Location Current Location Total Checkouts Full call number Barcode Date last seen Price effective from Koha item type Source of classification or shelving scheme Shelving location Date acquired
        Central Library (CL) Central Library (CL)   MS-IT-8 SAR SEECSP00831 11/14/2012 11/14/2012 Project Report      
        Central Library (CL) Central Library (CL)   004 CL-T-4408 12/26/2019 12/26/2019 Thesis   Thesis 12/26/2019
© 2023 Central Library, National University of Sciences and Technology. All Rights Reserved.